000
00312nam a22001337a 4500
008
180927b xxu||||| |||| 00| 0 eng d
020
_a
9781412956512
041
_a
eng
080
_a
370
100
_a
37
101
_a
EDU
245
_a
Completing Your Qualitative Dissertation
_c
Volpe.M
942
_2
udc
_c
BK
999
_c
48554
_d
48554